Real Sociedad Aragonesa de Amigos del País
Descripción Física:
7 p. ; 21 cm
Otros Autores:
Real Sociedad Aragonesa de Amigos del País
Materias:
Ferrocarrils -- Espanya -- S. XIX
MARC
| LEADER | 00000nam a2200000Ia 4500 | ||
|---|---|---|---|
| 001 | 23136 | ||
| 008 | 160829s1863 xx 000 0 cat d | ||
| 080 | |a RF-16-45 | ||
| 245 | |a Real Sociedad Aragonesa de Amigos del País | ||
| 260 | |a Zaragoza : |b Imp. de Castro, |c 1863 | ||
| 300 | |a 7 p. ; |c 21 cm | ||
| 590 | |a Prové de 931, exp. 15. | ||
| 590 | |a Hi ha un duplicat a: DUP-73-32 | ||
| 650 | |a Ferrocarrils |x Espanya |x S. XIX |9 47237 | ||
| 700 | |a Real Sociedad Aragonesa de Amigos del País |9 47750 | ||
| 856 | 4 | |u https://media.diba.cat/diba/fitxers/arxiu/fulletons/bib_23136_1863_baixa.pdf |y Accés lliure | |
| 856 | 4 | |u https://media.diba.cat/diba/fitxers/arxiu/fulletons/bib_23136_1863_baixa.pdf |y Accés lliure | |
| 901 | |a Arxiu | ||
| 942 | |n 1 |2 udc | ||
| 952 | |0 0 |1 0 |4 0 |6 RF1645 |7 1 |9 54075 |a Arxiu |b Arxiu |d 2016-12-01 |l 0 |o RF-16-45 |p 23136 |r 2016-12-01 00:00:00 |w 2016-12-01 |y ARXIU | ||
| 999 | |c 57943 |d 57943 | ||
| 900 | |a bib_23136_1863_baixa.pdf | ||